000
00267nam a22001217a 4500
008
170519b xxu||||| |||| 00| 0 eng d
041
_a
eng
080
_a
94
100
_a
16
101
_a
SHH
245
_a
THE RISE OF THE AMERICAN FILM
_c
JACOBS, L
942
_2
udc
_c
BK
999
_c
13575
_d
13575